[Event "EU-ch 12th"]
[Site "Aix les Bains"]
[Date "2011.04.01"]
[Round "10"]
[White "L'Hotellier, Jean Luc"]
[Black "Ralle, Pierre"]
[Result "1-0"]
[WhiteElo "1866"]
[BlackElo "2112"]
[PlyCount "67"]
[EventDate "2011.03.22"]
[EventType "swiss"]
[EventRounds "11"]
[EventCountry "FRA"]
[SourceTitle "CBM 142 Extra"]
[Source "ChessBase"]
[SourceDate "2011.06.27"]
[SourceVersion "1"]
[SourceVersionDate "2011.06.27"]
[SourceQuality "1"]

1. Nf3 d6 2. c4 g6 3. Nc3 Bg7 4. d4 Nd7 5. e4 c6 6. Be2 Qc7 7. 0-0 b6 8. Bg5 Bb7 9. Qd2 h6 10. Bh4 Ngf6 11. Rfe1 g5 12. Bg3 Nh5 13. Rad1 0-0-0 14. b4 Nxg3 15. hxg3 e6 16. a4 f5 17. exf5 exf5 18. Bd3 Rdf8 19. Re7 Bf6 20. Re6 f4 21. gxf4 g4 22. Nh2 Bxd4 23. Nxg4 Kb8 24. Be4 Bxc3 25. Qxc3 a5 26. Rexd6 axb4 27. Qxb4 Nc5 28. Bf3 Rxf4 29. a5 Na6 30. Qc3 Re8 31. Rd7 Qc8 32. axb6 Nc5 33. Qa3 Na6 34. Qd6+ 1-0

[Event "EU-ch 12th"]
[Site "Aix les Bains"]
[Date "2011.03.26"]
[Round "5"]
[White "Neagos, Raul Alexandru"]
[Black "L'Hotellier, Jean Luc"]
[Result "1-0"]
[WhiteElo "2074"]
[BlackElo "1866"]
[PlyCount "53"]
[EventDate "2011.03.22"]
[EventType "swiss"]
[EventRounds "11"]
[EventCountry "FRA"]
[SourceTitle "CBM 142 Extra"]
[Source "ChessBase"]
[SourceDate "2011.06.27"]
[SourceVersion "1"]
[SourceVersionDate "2011.06.27"]
[SourceQuality "1"]

1. Nf3 Nf6 2. g3 d5 3. Bg2 g6 4. c4 c6 5. b3 Bg7 6. Bb2 0-0 7. 0-0 Nbd7 8. d3 b6 9. Nbd2 Bb7 10. Qc2 Rc8 11. Rad1 Qc7 12. e4 dxe4 13. dxe4 Ng4 14. Bxg7 Kxg7 15. h3 Nge5 16. Nd4 c5 17. Nb5 Qb8 18. f4 Nc6 19. Nf3 Rcd8 20. e5 a6 21. Nc3 Rfe8 22. Nd5 Nb4 23. Qc3 Nxa2 24. Qb2 Nb4 25. Nxb4 cxb4 26. Rxd7 Rxd7 27. e6+ 1-0

[Event "EU-ch 12th"]
[Site "Aix les Bains"]
[Date "2011.03.25"]
[Round "4"]
[White "L'Hotellier, Jean Luc"]
[Black "Leost, Joel"]
[Result "1-0"]
[WhiteElo "1866"]
[BlackElo "1545"]
[PlyCount "61"]
[EventDate "2011.03.22"]
[EventType "swiss"]
[EventRounds "11"]
[EventCountry "FRA"]
[SourceTitle "CBM 142 Extra"]
[Source "ChessBase"]
[SourceDate "2011.06.27"]
[SourceVersion "1"]
[SourceVersionDate "2011.06.27"]
[SourceQuality "1"]

1. Nf3 f5 2. c4 Nf6 3. Nc3 e6 4. d4 Be7 5. g3 b6 6. Bg2 Bb7 7. 0-0 0-0 8. a3 a5 9. b3 Ng4 10. h3 Nf6 11. Bb2 Na6 12. Ne5 Bxg2 13. Kxg2 Nb8 14. d5 Qc8 15. Qd3 Rd8 16. e4 d6 17. Nf3 fxe4 18. Nxe4 e5 19. Nfg5 Nxe4 20. Nxe4 Qf5 21. f4 Nd7 22. Rae1 Qh5 23. g4 Qh4 24. Qg3 Rf8 25. fxe5 dxe5 26. Bxe5 Nxe5 27. Qxe5 Rae8 28. Rxf8+ Rxf8 29. Re2 Bxa3 30. Qxc7 Bb4 31. Qxb6 1-0

[Event "EU-ch 12th"]
[Site "Aix les Bains"]
[Date "2011.03.24"]
[Round "3"]
[White "Van Hoolandt, Patrick"]
[Black "L'Hotellier, Jean Luc"]
[Result "1-0"]
[WhiteElo "2165"]
[BlackElo "1866"]
[PlyCount "83"]
[EventDate "2011.03.22"]
[EventType "swiss"]
[EventRounds "11"]
[EventCountry "FRA"]
[SourceTitle "CBM 142 Extra"]
[Source "ChessBase"]
[SourceDate "2011.06.27"]
[SourceVersion "1"]
[SourceVersionDate "2011.06.27"]
[SourceQuality "1"]

1. d4 Nf6 2. c4 c5 3. d5 b5 4. cxb5 a6 5. bxa6 Bxa6 6. Nc3 g6 7. Nf3 d6 8. g3 Bg7 9. Bg2 0-0 10. 0-0 Nbd7 11. Qc2 Qa5 12. Rd1 Rfb8 13. Rb1 Ng4 14. Bd2 Nge5 15. b3 Nxf3+ 16. Bxf3 Ne5 17. Bg2 Bc8 18. h3 Qa6 19. a4 Rb6 20. Be1 Rab8 21. a5 R6b7 22. Na4 Rb5 23. Nb6 Nd7 24. Nxc8 Qxc8 25. e3 Ne5 26. f4 Nd7 27. Bf1 R5b7 28. b4 Rc7 29. b5 Rcb7 30. Qc4 g5 31. Kh2 h5 32. Be2 h4 33. gxh4 gxf4 34. exf4 Kh8 35. Bg4 f5 36. Bxf5 Qf8 37. Bxd7 Rxd7 38. Bc3 Bxc3 39. Qxc3+ e5 40. dxe6+ Rg7 41. Qf3 Qf5 42. Rg1 1-0

[Event "EU-ch 12th"]
[Site "Aix les Bains"]
[Date "2011.03.23"]
[Round "2"]
[White "L'Hotellier, Jean Luc"]
[Black "Geenen, Marc"]
[Result "0-1"]
[WhiteElo "1866"]
[BlackElo "2289"]
[PlyCount "60"]
[EventDate "2011.03.22"]
[EventType "swiss"]
[EventRounds "11"]
[EventCountry "FRA"]
[SourceTitle "CBM 142 Extra"]
[Source "ChessBase"]
[SourceDate "2011.06.27"]
[SourceVersion "1"]
[SourceVersionDate "2011.06.27"]
[SourceQuality "1"]

1. Nf3 Nf6 2. c4 g6 3. Nc3 Bg7 4. e4 d6 5. d4 0-0 6. Be2 e5 7. Qc2 Nc6 8. dxe5 dxe5 9. Be3 Nd4 10. Qd3 Nd7 11. 0-0 Nc5 12. Qd2 Nce6 13. Ng5 Nf4 14. Bxf4 exf4 15. Qxf4 Bh6 16. Nxf7 Bxf4 17. Nxd8 Rxd8 18. Rfd1 Be6 19. Bf1 c6 20. g3 Be5 21. Kg2 g5 22. Rac1 g4 23. Na4 b6 24. b3 Rd7 25. Bd3 Rad8 26. Bb1 Nf3 27. Rf1 Nd2 28. Rfe1 Nxb1 29. Rxb1 Rd2 30. a3 Bd4 0-1